000 00592nam a2200193Ia 4500
999 _c45516
_d45516
001 12341
003 GE_BSU
005 20240710152327.0
008 181216s2013||||gr |||||||||||||| ||eng||
020 _a9789609677011
040 _cGE_BSU
041 _aend
080 _a627(063) M-46
245 _a Medieval Ports and North Aegean and the Black Sea :
_bLinks to the Maritime Routes of the East /
_cEditor : Flora Karagianni.
264 _aThessalonike :
_b[?],
_c2013.
300 _a503 c. ;
_bill.
_eMaps.
653 _aMedieval Ports in North Aegean and the Black Sea
942 _cBK
_2udc